000 00476nam a2200169 i 4500
001 122702
003 ES-MaACL
005 20230906192028.0
007 t|
008 070214s1933 mx r ||||1| spa d
100 1 _aPuig Casauranc, José Manuel.
_994258
245 1 0 _aMirando la vida /
_cJosé Manuel Puig Casauranc.
260 _aMéxico :
_b[s.n.],
_c1933.
300 _a127 p. ;
_c21 cm.
651 4 _aMéxico-
_xSituación social.
_9153836
852 _aES-MaACL
_jA-1507
999 _c122702
_d122702